000
00296nam a2200145Ia 4500
100
_a
Laxman/ R.K.
650
_a
General
942
_c
BK
654
_a
Idle Hours
245
_a
Idle Hours
260
_b
IBH Publisher co.
_a
Bombay
_c
1982
082
_a
823.3
300
_a
167
546
_a
ENGLISH
999
_c
24541
_d
24541